000 00599nam a22002177a 4500
005 20220728144751.0
008 220728b ||||| |||| 00| 0 eng d
040 _cAL
041 _aEnglish
082 _223
_a331.8928
_bLANS
100 _aTony Lane and others
_953810
245 _aStrike at Pilkingtons
260 _aLondon
_bWilliam Collins sons and Co Ltd
_c1971
300 _a265 p.
_bPB
_c18x11 cm.
650 _aSocial
_953811
650 _aPoltical Back ground
_953812
650 _2Economic
700 _aLANE (Tony)
_953813
700 _aROBERTS (Kenneth)
_953814
942 _2ddc
_cGF
999 _c224259
_d224259